The communistic societies of the United States (Record no. 160765)

MARC details
000 -LEADER
campo de control de longitud fija 00606nam a22001695i 4500
001 - NÚMERO DE CONTROL
campo de control 160765
003 - IDENTIFICADOR DE NÚMERO DE CONTROL
campo de control ES-MaACL
005 - FECHA Y HORA DE LA ÚLTIMA TRANSACCIÓN
campo de control 20230906212125.0
008 - DATOS DE LONGITUD FIJA--INFORMACIÓN GENERAL
campo de control de longitud fija 041015s1875 xxka |||| | eng d
040 ## - FUENTE DE CATALOGACIÓN
Centro catalogador/agencia de origen CAM
Lengua de catalogación spa
Centro/agencia transcriptor CAM
100 1# - ENTRADA PRINCIPAL--NOMBRE DE PERSONA
Nombre de persona Nordhoff, Charles.
9 (RLIN) 85966
245 14 - MENCIÓN DEL TÍTULO
Título The communistic societies of the United States
Resto del título : from personal visit and observation ... /
Mención de responsabilidad, etc. by Charles Nordhoff.
260 ## - PUBLICACIÓN, DISTRIBUCIÓN, ETC.
Lugar de publicación, distribución, etc. London :
Nombre del editor, distribuidor, etc. John Murray,
Fecha de publicación, distribución, etc. 1875 (
Fabricante Spottiswoode and co.)
300 ## - DESCRIPCIÓN FÍSICA
Extensión 439 p., [17] h. de lám. :
Otras características físicas il. ;
Dimensiones 23 cm.
752 ## - ENTRADA AGREGADA--NOMBRE JERÁRQUICO DEL LUGAR
País o entidad superior Gran Bretaña -
Ciudad Londres
852 ## - LOCALIZACIÓN
Ubicación ES-MaACL
Número de control de estantería C-822
Nota libre -- Enc. tela
Holdings
Estatus retirado Estado de pérdida Estado de daño No para préstamo Colección Biblioteca de origen Biblioteca actual Ubicación en estantería Fecha de adquisición Fuente de adquisición Total de préstamos Signatura topográfica completa Código de barras Visto por última vez Precio de reemplazo Tipo de ítem Koha
        Libros del s. XIX Biblioteca del Ateneo de Madrid Biblioteca del Ateneo de Madrid Sala Palomar 17/01/2008     C-822 1168351 23/02/2023 23/02/2023 Libro impreso antiguo